Score 0/24 Timer 03:00
1 Play Today
Letter Country % Correct
UUnited Kingdom
91.6%
FFrance
89.9%
SSpain
82.1%
AAlgeria
79.4%
IIreland
75.7%
QQatar
75.6%
PPortugal
75.6%
YYemen
75.1%
OOman
73.8%
ZZambia
72.6%
MMali
68.6%
NNiger
67.3%
Letter Country % Correct
GGhana
65.2%
DDenmark
59.9%
TTogo
55.8%
BBurkina Faso
53.6%
HHungary
52.8%
VVatican City
50.7%
JJordan
49.1%
LLuxembourg
44.7%
CCote d'Ivoire
41.2%
KKosovo
39.9%
EEquatorial Guinea
36.3%
RRepublic of the Congo
24.5%

You're not logged in!

Compare scores with friends on all Sporcle quizzes.
OR
Log In

Sporcle TV

Today on Sporcle TV


Watch our educational content, quiz creation guides, and fun videos on Sporcle TV.

Show Comments

Extras

Top Quizzes Today


Score Distribution

Paid Content

Your Account Isn't Verified!

In order to create a playlist on Sporcle, you need to verify the email address you used during registration. Go to your Sporcle Settings to finish the process.

Report this User

Report this user for behavior that violates our Community Guidelines.

Details: